[Event "Croatia GCT"]
[Site "Zagreb"]
[Date "2019.07.04"]
[Round "8"]
[White "So, Wesley"]
[Black "Nakamura, Hikaru"]
[Result "1-0"]
[WhiteElo "2754"]
[BlackElo "2754"]
[Annotator "So,Wesley"]
[PlyCount "109"]
[EventDate "2019.06.26"]
[EventType "tourn"]
[EventRounds "11"]
[EventCountry "CRO"]
[EventCategory "22"]
[SourceTitle "CBM 191"]
[Source "ChessBase"]
[SourceDate "2019.08.31"]
[SourceVersion "1"]
[SourceVersionDate "2019.08.31"]
[SourceQuality "1"]

{Please allow me to start by thanking the Croatian Chess Federation and GM
Zlatko Klaric for a well run and amazingly well attended tournament. Croatians
as it turns out are really educated in chess and make a fantastic audience.
They actually follow the games over the board instead of standing in the hall
following chess engines on their phones. I salute the Croatian chess fans!
Before this game I'd been developing an urge to go for a 5.Re1 Berlin. Not
only because Sergey Karjakin played it against me the day before, but also
because I'd done some research of my own on these lines. Still, I was not sure
which line to hit Hikaru with. He has an ever solid Black repertoire based on
Berlin 1...e5 against 1.e4 and the Nimzo/ QGD 🕓e7 against 1.d4. And he does
not seem to mind regularly repeating his lines as they are well checked by the
computer and by his reliable second Kris Littlejohn. Here in this tournament
his repertoire was put under serious pressure. Twice in a fashionable QGD 4.
Nc3 Be7 5.Bf4 he lost to Caruana and Carlsen. Karjakin was also pressing
against him in Round 3. Later he was able to repair the lines and in Round 4
he opted for the QGA which he plays rarely. Therefore even though 1.d4 seems
to be a very attractive option against him, I decided to play 1.e4 this time,
just to try my hand in a Berlin.} 1. e4 e5 2. Nf3 Nc6 3. Bb5 Nf6 {I had also
looked at some lines in the Sicilian Dragon just in case because a few months
earlier he easily beat Robson with it. Nevertheless Nakamura tends to stick to
his main repertoire, as he considers it dangerous to test openings when in bad
form.} 4. O-O Nxe4 5. Re1 Nd6 6. Nxe5 (6. a4 {is what Sergey played against me
the day before. There are so many lines against the Berlin these days! I first
saw this line because Dubov played it in a tournament in Israel.} Be7 7. Nc3 a6
8. Bf1 e4 9. Nxe4 Nxe4 10. Rxe4 d5 11. Re1 {and I failed to equalize. Perhaps
8...Nf5 is a better try. Anyway in this game Sergey was slightly better for
most of the game, but he let me off the hook when we both blundered.}) 6... Be7
7. Bf1 Nf5 8. Nf3 d5 9. d4 O-O 10. Nc3 {As I said I wanted to try Berlin 5.Re1,
even though White usually does not get more than a slight initiative at best.
Hikaru has a lot of experience with 7...Nf, defending it in more than 30 games.
Hence I chose a rare sideline.} Nh4 ({Nh4 is fine and he's played it before
but I like} 10... Bb4 {even more. Black does not even have to take on c3, but
can redeploy the bishop to the h2-b8 diagonal after the preparatory moves Nce7
and c6.} 11. a3 Ba5 ({Although also fine is} 11... Bxc3 12. bxc3 Nd6) 12. h3
Nce7 {c6 comes next, coming close to equality.}) 11. Nxh4 Bxh4 12. Bb5 {
Clearly with the idea to double his pawns. Hikaru paused to think here but
then played very well for the next few moves.} Ne7 (12... Bf5 13. Bxc6 bxc6 14.
Bf4 {seems to me quite unpleasant for Black over the board.}) 13. Bd3 {Now
that there is no pressure on d4 the bishop returns to the right diagonal.} Bf6
14. Qh5 {I have to act quickly and attack, otherwise Black consolidates easily
and equalizes.} g6 15. Qf3 Bg7 ({Taking the pawn looks dangerous after} 15...
Bxd4 16. Bg5 f6 17. Bh6 Bxc3 (17... Rf7 $2 18. Nxd5 $1) 18. bxc3 Rf7 19. Rad1)
16. Bg5 f6 ({Black should also equalize after} 16... Be6 17. Bxe7 Qxe7 18. Nxd5
Qd8 19. Nf4 {but it looks more complex.}) 17. Bd2 c6 (17... Bf5 18. Rxe7 Qxe7
19. Bxf5 gxf5 20. Nxd5 Qd7 21. Bc3 {looks easier to play for me.}) 18. Ne2 Nf5
19. g3 {Preventing Nh4-f5 and hinting to attack his kingside with h4. Here I
remembered that all Black has to do is exchange the bishops with Bh6 in order
to gradually equalize. So I was waiting to see if Hikaru would find it.} Nh6 {
Putting the wrong piece on h6.} ({I like} 19... Bh6 {The idea is that without
the bishop he gets the g7-square for his king. With the kingside firmly
defended Black can now fight for the e-file.} 20. Bxh6 Nxh6 21. Nf4 Bg4 22. Qe3
Re8 23. Qd2 Nf7) (19... Re8 20. h4 Bh6 {might be even better, with equality.})
({But not} 19... Qb6 20. c4 $36 {which should be good for me due to my lead in
development.}) 20. c4 {Breaking through the center is the only way to take
advantage of my lead in development.} Bg4 21. Qg2 dxc4 ({More accurate is} 
21... Nf7 {to meet cxd5 with Ng5, I could play} 22. f3 Bc8 {I have some weak
squares on the kingside but so does Black.} 23. cxd5 Qxd5 {should be better
for White but I have to play precisely.}) 22. Bxc4+ Kh8 (22... Nf7 23. Bc3 Kh8
24. Nf4 Ng5 25. Re3 $16 {gives White a persistent advantage.}) 23. d5 {Perhaps
a bit hasty. I could also play unconventionally. After the game Hikaru
suggested 23.f3 with a big advantage for White. I probably underestimated my
position. His king is stuck in the corner on h8 which could have been be used
to my advantage.} (23. f3 Bc8 (23... Bf5 {does not do anything due to} 24. g4)
24. Qf2 {with the idea of Nf4. I have very annoying pressure on the
light-squares in return for the isolated pawn.}) (23. Bc3) 23... Nf7 24. Nf4 (
24. h3 $5 {deserves attention, but White has to find Qh1 after} cxd5 25. Bxd5
Bxh3 26. Qh1 $1 {when the pressure on the center and along the h-file gives me
the advantage.} Ne5 27. Nf4 Bf5 28. Bxb7 Rb8 29. Bc3 $16 {but of course its
not simple to assess the position over the board, without computer assistance.}
) 24... Ne5 25. Be2 Bd7 {Black could just trade the bishops, or play Qd7 here
with a slightly worse position.} 26. Rad1 cxd5 27. Bc3 Bc6 28. Nxd5 {Regaining
the pawn and threatening f4.} (28. Ne6 {does not work because of d4 I thought,
but in fact even stronger is} Qc8 $1 {when due to the threat of d4 I have to
retreat.}) 28... f5 29. f4 $6 {All according to plan, but this allows Black to
defend.} (29. Bxe5 Bxe5 30. Bf3 {was much stronger. I still have some pressure
due to the control on the open files. After} Bxb2 (30... Bg7 31. Nf4 $16) 31.
Nf4 {is very unpleasant. I underestimated my initiative here as I didn't want
to give him the bishop pair but at the same time my piece activity compensates
for it.}) 29... Nd7 $6 ({He could have equalized with} 29... Ng4 $1 30. Bxg7+
Kxg7 31. Bxg4 fxg4 {when major trades are coming along the open files. Black
should hold the draw.}) 30. Bxg7+ Kxg7 31. Bf3 (31. Qf2 Nf6 32. Nb4 Qa5 33.
Nxc6 bxc6 {seems to me almost equal.}) 31... Nf6 32. Nxf6 Qxf6 33. Bxc6 bxc6 {
Around here I realized that Black was slowly consolidating, but it does not
matter, for I just want to play on and make some good moves.} 34. Rd7+ Rf7 35.
Qd2 {Threatening to trap his queen with Rd6, just in case.} Rxd7 36. Qxd7+ Kf8
$2 {The losing mistake! We both thought for a long time here, but missed that
36...Kh6 is enough for a draw!} ({We missed that} 36... Kh6 37. Re7 Rh8 38. Rf7
Qxb2 39. Qe7 {seems like mate, but Black defends with} Qb1+ 40. Kg2 Qe4+ $1 {
trading queens, as easy as that! Suffice it to say that Hikaru was not in the
best form in Croatia, and I on the tired side playing my 4th tournament in a
row.}) 37. Re5 {This looks very active and it cuts off the Black queen, but
perhaps the simple 37.Re2 is even stronger.} (37. Re2) 37... Rd8 38. Qxh7 Re8
$2 ({Here we both calculated} 38... Rd1+ 39. Kf2 Rd2+ 40. Ke3 Rxb2 41. Qd7 $1
Rb8 42. Qxa7 Qd6 43. Qc5 Qxc5+ 44. Rxc5 {and since this rook ending arises
almost by force, the most important thing is to be able to assess it. I assume
Hikaru thought this is losing for him, but in fact} Rb2 $1 {might just be
enough for him to draw in a very difficult ending.}) 39. Qh6+ Kf7 40. Qh7+ Kf8
41. Qc7 $1 Rxe5 42. Qxe5 $2 {Too hasty. I thought it wins, and so I happily
made this move. It does win even against best defense, but only if you have an
engine with you! Practically its almost impossible for any player to calculate
it all the way to the end.} ({Therefore} 42. fxe5 {is so much simpler, when I
should win without much problems.} Qe7 (42... Qg5 43. Qb8+ Kg7 44. Qxa7+ Kh6
45. Qd4 $18) (42... Qe6 43. Qd6+) (42... Qf7 43. Qd6+ Kg7 44. e6 Qf6 45. e7
Qxd6 46. e8=N+) 43. Qd6 $1 {is the only thing I need to see. Now White wins as
easy as counting 1, 2, 3.} Qxd6 (43... Kf7 {is met by 44.h4 or 44.Kf2.}) 44.
exd6 Kf7 45. Kf2 Ke6 46. Kf3 Kxd6 47. Kf4 Ke6 48. Kg5 Kf7 49. h4 $18) 42...
Qxe5 43. fxe5 Kf7 44. h4 Ke6 45. Kf2 Kxe5 46. Kf3 $2 {This draws.} ({White
wins here with} 46. Ke3 $1 {but it really is a very hard study! I don't think
even Carlsen would find this over the board. Only the ChessBomb geniuses could
do it!} c5 47. Kf3 ({It is counter intuitive to let his pawn advance one
square further, but} 47. b3 a5 {is only a draw.}) 47... c4 48. Ke3 a5 (48... a6
49. a3 $1 a5 50. a4) 49. a4 $1 Kd5 50. Kf4 Kd4 (50... Kc5 51. Kg5 Kb4 52. Kxg6
Kxa4 53. h5 Kb3 54. h6 c3 55. bxc3 a4 56. h7 a3 57. h8=Q a2 58. c4) 51. Kg5 Kd3
52. Kxg6 Kc2 53. h5 Kxb2 54. h6 c3 55. h7 c2 56. h8=Q+) 46... c5 47. b3 (47.
Ke3 {does not win now because of} c4 48. Kf3 Kd4 $1 {when compared to 46.Ke3,
Black wins a tempo as his king is already on d4 instead of d5.}) 47... Ke6 $2 {
Hikaru still had a lot of time here, but he miscalculated something.} (47... a6
$1 {draws. In fact I saw it does draw, but I was still hoping for some miracle.
The draw is pretty straightforward, I'm sure Hikaru would find it 8 times out
of 10.} 48. Ke3 a5 49. Kf3 ({I was going to try} 49. a3 Kd5 (49... Kd6 {
is also okay.} 50. Kf4 Kd5 $11) 50. Kd3 Kc6 (50... Ke5 51. Kc4 Kd6) 51. Kc4 {
but even here he draws:} Kd6 52. Kb5 Kd5 53. Kxa5 Ke4 $1 54. Kb5 Kf3 $11) 49...
Kd4 50. Kf4 Kc3 51. Kg5 a4 52. Kxg6 axb3 53. axb3 Kxb3 54. h5 c4 55. h6 c3 56.
h7 c2 57. h8=Q c1=Q {as they say, all queen and rook endgames are drawn.}) (
47... a5 $2 {loses to} 48. Ke3 {when Black is in zugzwang. He has to move his
king, and he loses by a tempo as he does not have Kd4.}) 48. Kf4 Kf6 49. a3 a6
(49... a5 50. a4 {Zugzwang.}) 50. b4 c4 (50... cxb4 51. axb4 {is also mutual
zugzwang.}) 51. a4 Ke6 52. Ke3 Kd5 53. Kd2 Kd4 ({Maybe he missed a5 from afar
after} 53... Kc6 54. Kc3 Kd5 55. a5) 54. Kc2 c3 55. b5 {I'm quite pleased to
win against the current USA Champion Hikaru Nakamura. It's not often that I
beat him and in a clear game as well. It's obvious that he was not in the best
of form in this tournament, losing to Caruana and also blundering against
Carlsen when he almost equalized. On my part this was my 4th tournament in a
row. I started in May in Abidjan, had subsequently played Moscow and Norway
and at this point was clearly lacking energy and still had Latvia ahead of me.
I was willing to fight, but I was worried that my form was starting to worsen
from fatigue.} 1-0